Os new media como instrumento de comunicacáo política: estudo do caso das eleicóes legislativas em 2011 na Península Ibérica
Gespeichert in:
| 1. Verfasser: | |
|---|---|
| Weitere Verfasser: | , , , |
| Format: | Buchkapitel |
| Sprache: | Portugiesisch |
| Schlagworte: | |
| Tags: |
Keine Tags, Fügen Sie das erste Tag hinzu!
|
MARC
| LEADER | 00000naa a2200000 4500 | ||
|---|---|---|---|
| 001 | 0183659 | ||
| 005 | 20240502083431.5 | ||
| 041 | 0 | |a por | |
| 044 | |a PT | ||
| 245 | 1 | 0 | |a Os new media como instrumento de comunicacáo política: estudo do caso das eleicóes legislativas em 2011 na Península Ibérica |c Maria Barbosa, Joana Motta, Nuno Brandáo, Sandra Filipe, Juraj Chebeň |
| 610 | 2 | 0 | |a marketing politický |
| 610 | 2 | 0 | |a komunikácia |
| 610 | 2 | 0 | |a politika |
| 610 | 2 | 0 | |a kampane volebné |
| 610 | 2 | 0 | |a stránky webové |
| 100 | 1 | |a Barbosa, Maria | |
| 700 | 1 | |a Motta, Joana | |
| 700 | 1 | |a Brandáo, Nuno | |
| 700 | 1 | |a Filipe, Sandra | |
| 700 | 1 | |a Chebeň, Juraj | |